| 000 | 00522nam a2200181Ia 4500 | ||
|---|---|---|---|
| 008 | 090630s9999 xx 000 0 und d | ||
| 082 | _b20936 | ||
| 100 | _aदेसाई रणजीत. | ||
| 245 |
_aबारी. _cदेसाई रणजीत. |
||
| 260 |
_bमेहता. _c1990 |
||
| 300 | _a202 | ||
| 600 | _aदेसाई रणजीत. | ||
| 630 | _aबारी. | ||
| 655 | _aकादंबरी. | ||
| 700 | _aदेसाई रणजीत. | ||
| 730 | _aबारी. | ||
| 942 | _cBOOK | ||
| 999 |
_c272792 _d272792 |
||